000 00325pam a2200133a 44500
008 230405s2012 xxu||||| |||| 00| 0 eng d
041 _aENG
100 _aDr Salunkhe
245 _aA Hand book of practical chemistry B.Sc.I
250 _a1
260 _aDhudhali
_bPHADAKE PRAKASHAN
_c2012
300 _a86
906 _a11172
999 _c301671
_d301671